| Tag |
First Indicator |
Second Indicator |
Subfields |
| LEADER |
00000cam a2200000 4500 |
| 001 |
in00000066076 |
| 005 |
20151008051243.0 |
| 008 |
750212s1941 enk 00000 eng u |
| 010 |
|
|
|a 41011627
|
| 035 |
|
|
|a (OCoLC)01168761
|
| 035 |
|
|
|9 AAG6778AM
|
| 040 |
|
|
|c DLM
|d TXA
|d UtOrBLW
|
| 049 |
|
|
|a TXAM
|c [349992]
|
| 050 |
0 |
0 |
|a JX1975
|b .D48
|
| 092 |
|
|
|a 341.1
|b D357g
|
| 100 |
1 |
|
|a Dell, Robert,
|d 1865-1940.
|
| 245 |
1 |
4 |
|a The Geneva racket, 1920-1939 /
|c by Robert Dell.
|
| 264 |
|
1 |
|a London :
|b R. Hale limited,
|c [1941]
|
| 300 |
|
|
|a 375 pages :
|b portraits ;
|c 22 cm.
|
| 336 |
|
|
|a text
|b txt
|2 rdacontent
|
| 337 |
|
|
|a unmediated
|b n
|2 rdamedia
|
| 338 |
|
|
|a volume
|b nc
|2 rdacarrier
|
| 610 |
2 |
0 |
|a League of Nations.
|
| 611 |
2 |
0 |
|a Conference for the Reduction and Limitation of Armaments
|d (1932-1934 :
|c Geneva, Switzerland)
|
| 999 |
|
|
|a MARS
|
| 999 |
f |
f |
|s fa198919-2054-3e63-b6d7-16fce6441c52
|i 5e86d497-50f2-3cf4-8169-fa2f7fdfd380
|t 0
|
| 952 |
f |
f |
|p ric
|a Texas A&M University
|b Rellis Campus
|c Joint Library Facility
|d Remote Storage
|t 0
|e JX1975 .D48
|h Library of Congress classification
|i unmediated -- volume
|m A14800782073
|
| 998 |
f |
f |
|a JX1975 .D48
|t 0
|l Remote Storage
|